000 01857nam0a2200385 4500
001 RU\NLR\BIBL_A\021978583
005 20260405155311.0
010 _a978-5-19-011731-8
_9300
021 _aRU
_b2023-36927
_9КН-П-3659
035 _a(RuMoRGB)011836829
035 _a(NLR Aleph) 021978583
090 _a12391106
_c12391106
100 _a20230711d2023 |||y0rusy50 ca
101 0 _arus
102 _aRU
105 _aac||z|||011zy
181 0 _ai
_baxxe
182 0 _an
200 1 _aПсихология: предмет и метод
_eизбранные психологические труды
_fП. Я. Гальперин
_gнаучный редактор: Г. В. Бурменская
_gМосковский государственный университет имени М. В. Ломоносова, Факультет психологии
203 _aТекст
_bвизуальный
_cнепосредственный
210 _aМосква
_cИзд-во Московского ун-та
_d2023
215 _a843 с.
_cил., портр.
_d23
225 1 _aТруды выдающихся ученых МГУ
300 _aНа авантит.: Моск. гос. ун-т им. М. В. Ломоносова 1755, 270 лет
320 _aБиблиогр. в подстроч. примеч.
320 _aСписок основных тр. П. Я. Гальперина: с. 806-825
320 _aПредм. указ.: с. 827-839
606 1 _aПсихология
_jСборники
_9931820
_3RU\NLR\AUTH\6624683
686 1 _aЮ9я44
700 1 _aГальперин
_bП.Я.
_f1902-1988
_gПетр Яковлевич
_3RU\NLR\AUTH\7766111
_949040
702 1 _aБурменская
_bГ. В.
_gГалина Васильевна
_4340
942 _cBOOK
980 _aNB